000 00846cam a2200289 i 4500
001 768714001
003 CO-MdBIC
005 20231130155254.0
008 231130s1990 -us||||| |||| 00| 0 spa d
020 _a0-8297-0384-5
040 _bspa.
_aCO-MdFUSB
_cCO-MdFUSB
_dCO-MdFUSBC
_erda
041 _aspa
082 0 4 _aG 231.7 Y21d
100 1 _aYancey, Philip
245 1 0 _aDesilusión con Dios / Philip Yancey ; Andrés Carrodeguas, Traductor
_c/
264 1 _aDeerfield, Florida, USA : Vida
_bVida,
_c[1990]
264 4 _c©1990
300 _a252 Pag
_c;
336 _atexto
_btxt
_2rdacontent
337 _2rdamedia
_asin mediación
_bn
338 _2rdacarrier
_avolumen
_bnc
500 _aTítulo original : Disappointment with God
650 7 _aDios
_9178
650 7 _aTeología bíblica
_9320
942 _cBK
945 _ajohan1477
999 _c34482
_d34482